[Event "Africa-ch Amateur U2300"]
[Site "Freetown"]
[Date "2019.09.06"]
[Round "4.4"]
[White "Mohamed, Faisal"]
[Black "Charles, Haji Kiadii"]
[Result "1/2-1/2"]
[WhiteElo "2117"]
[BlackElo "1884"]
[PlyCount "86"]
[EventDate "2019.09.04"]
[EventType "tourn"]
[EventRounds "9"]
[EventCountry "SIE"]
[SourceTitle "EXT 2024"]
[Source "ChessBase"]
[SourceDate "2023.10.10"]
[SourceVersion "1"]
[SourceVersionDate "2023.10.10"]
[SourceQuality "1"]

1. Nf3 d5 2. c4 e6 3. d4 Nf6 4. g3 c6 5. Bg2 Be7 6. 0-0 0-0 7. Qc2 Nbd7 8. Rd1 a6 9. Bg5 Ne4 10. Bxe7 Qxe7 11. Nbd2 f5 12. Rab1 a5 13. a3 Qf6 14. b4 e5 15. dxe5 Nxe5 16. Nxe5 Qxe5 17. cxd5 cxd5 18. Nf3 Qc3 19. Qd3 Qxd3 20. Rxd3 axb4 21. axb4 Ra2 22. Nd4 Ra6 23. f3 Nf6 24. Bf1 Rb6 25. Rc3 Bd7 26. e3 Re8 27. Kf2 g6 28. Rc7 Ra8 29. Rb2 Kf8 30. Rcc2 Kf7 31. b5 Re8 32. Bd3 Re7 33. Rc5 Be6 34. Rc3 Bd7 35. Bb1 Be6 36. Ba2 Rd7 37. Rc5 Ke7 38. Rd2 Bf7 39. h3 h5 40. h4 Rbd6 41. Bb1 Rb6 42. Bd3 Be8 43. Rdc2 Bf7 1/2-1/2

[Event "Arab-ch"]
[Site "Dubai"]
[Date "2018.12.05"]
[Round "9"]
[White "Saeed, Ishaq"]
[Black "Mohamed, Faisal"]
[Result "1-0"]
[WhiteElo "2437"]
[BlackElo "2157"]
[PlyCount "52"]
[EventDate "2018.11.28"]
[EventType "swiss"]
[EventRounds "9"]
[EventCountry "UAE"]
[SourceTitle "CBM 187 Extra"]
[Source "ChessBase"]
[SourceDate "2018.11.04"]
[SourceVersion "1"]
[SourceVersionDate "2018.11.04"]
[SourceQuality "1"]

1. Nf3 Nf6 2. c4 e6 3. e3 d5 4. b3 Be7 5. Bb2 0-0 6. Qc2 c5 7. Bd3 Nc6 8. a3 d4 9. b4 cxb4 10. Nxd4 Ne5 11. Be2 Ng6 12. axb4 Bxb4 13. h4 Re8 14. h5 Nf8 15. f4 N8d7 16. Nc3 e5 17. Nf5 Nc5 18. Nxg7 Kxg7 19. fxe5 Rxe5 20. 0-0 Kg8 21. Nd5 Rxd5 22. cxd5 Nfe4 23. Rf4 Qg5 24. Rxe4 Bf5 25. Re5 Bxd2 26. Qxd2 Nd7 1-0

[Event "Olympiad-43"]
[Site "Batumi"]
[Date "2018.10.02"]
[Round "8.3"]
[White "Mooney, Graham"]
[Black "Mohamed, Faisal"]
[Result "0-1"]
[WhiteElo "1892"]
[BlackElo "2127"]
[PlyCount "80"]
[EventDate "2018.09.24"]
[EventType "team-swiss"]
[EventRounds "11"]
[EventCountry "GEO"]
[SourceTitle "CBM 187"]
[Source "ChessBase"]
[SourceDate "2018.12.11"]
[SourceVersion "1"]
[SourceVersionDate "2018.12.11"]
[SourceQuality "1"]
[WhiteTeam "Jersey"]
[BlackTeam "Sudan"]
[WhiteTeamCountry "GCI"]
[BlackTeamCountry "SUD"]

1. e4 c5 2. Nf3 Nc6 3. d4 cxd4 4. Nxd4 g6 5. Nc3 Bg7 6. Be3 Nf6 7. Bc4 d6 8. h3 0-0 9. 0-0 Bd7 10. Bb3 Rc8 11. Qd2 Na5 12. Rfe1 a6 13. Bh6 Nc4 14. Bxc4 Rxc4 15. Bxg7 Kxg7 16. b3 Rc5 17. Re3 e5 18. Nf3 Qc7 19. Ne1 Be6 20. Na4 Rc6 21. c4 b5 22. cxb5 axb5 23. Nb2 d5 24. exd5 Nxd5 25. Rg3 Nf4 26. Rd1 b4 27. Nbd3 Rd8 28. Qb2 Rc3 29. Rd2 Qd6 30. Re3 Bf5 31. Kh1 Nxd3 32. Nxd3 Bxd3 33. f4 Qd4 34. Rxe5 Qxf4 35. Re1 Rd4 36. a3 Be4 37. Rf2 Rxh3+ 38. Kg1 Qh2+ 39. Kf1 Bd3+ 40. Rfe2 Rhh4 0-1

[Event "Abu Dhabi op 25th"]
[Site "Abu Dhabi"]
[Date "2018.08.15"]
[Round "9"]
[White "Mohamed, Faisal"]
[Black "Gajwa, Ankit"]
[Result "0-1"]
[WhiteElo "2134"]
[BlackElo "2223"]
[PlyCount "108"]
[EventDate "2018.08.07"]
[EventType "swiss"]
[EventRounds "9"]
[EventCountry "UAE"]
[SourceTitle "CBM 185 Extra"]
[Source "ChessBase"]
[SourceDate "2018.07.29"]
[SourceVersion "1"]
[SourceVersionDate "2018.07.29"]
[SourceQuality "1"]

1. e4 c5 2. Nc3 Nc6 3. g3 g6 4. Bg2 Bg7 5. d3 d6 6. f4 e6 7. Nf3 Nge7 8. 0-0 0-0 9. Be3 Nd4 10. Qd2 Rb8 11. Rab1 b6 12. Ne2 Nxf3+ 13. Bxf3 Bb7 14. d4 cxd4 15. Nxd4 e5 16. Ne2 d5 17. exd5 Bxd5 18. fxe5 Bxf3 19. Rxf3 Qxd2 20. Bxd2 Bxe5 21. Bc3 Nc6 22. Bxe5 Nxe5 23. Ra3 Rbd8 24. Nf4 Rd2 25. Re3 f6 26. c3 Rfd8 27. h3 Rc2 28. Ng2 Rdd2 29. Ne1 Rxb2 30. Rxb2 Rxb2 31. Nd3 Nxd3 32. Rxd3 Rxa2 33. Rd7 f5 34. h4 a5 35. Rb7 Rb2 36. c4 a4 37. Ra7 Rb4 38. Ra6 Rxc4 39. Rxb6 Rc2 40. Ra6 Ra2 41. Ra7 a3 42. Kf1 Ra1+ 43. Kf2 a2 44. Kg2 h6 45. h5 gxh5 46. Ra8+ Kf7 47. Ra7+ Kg6 48. Ra6+ Kg5 49. Ra8 h4 50. gxh4+ Kxh4 51. Ra6 f4 52. Ra4 Kg5 53. Ra5+ Kf6 54. Ra4 f3+ 0-1

[Event "Abu Dhabi op 25th"]
[Site "Abu Dhabi"]
[Date "2018.08.14"]
[Round "8"]
[White "Raahul, VS."]
[Black "Mohamed, Faisal"]
[Result "1-0"]
[WhiteElo "2277"]
[BlackElo "2134"]
[PlyCount "71"]
[EventDate "2018.08.07"]
[EventType "swiss"]
[EventRounds "9"]
[EventCountry "UAE"]
[SourceTitle "CBM 185 Extra"]
[Source "ChessBase"]
[SourceDate "2018.07.29"]
[SourceVersion "1"]
[SourceVersionDate "2018.07.29"]
[SourceQuality "1"]

1. c4 e5 2. Nc3 Nc6 3. Nf3 f5 4. d4 e4 5. Ng5 Bb4 6. Nh3 Nf6 7. Bg5 h6 8. Bxf6 Qxf6 9. e3 Bxc3+ 10. bxc3 g5 11. Be2 b6 12. Bh5+ Kd8 13. 0-0 Ba6 14. Be2 Na5 15. c5 Bxe2 16. Qxe2 bxc5 17. f3 exf3 18. Qxf3 Rb8 19. Qd5 Qe7 20. Rae1 Rf8 21. Rxf5 Rxf5 22. Qxf5 Nc4 23. Qd5 Nd6 24. dxc5 Qe4 25. Qd4 Rb2 26. Nf2 Qc2 27. Qf6+ Kc8 28. cxd6 Rb1 29. Qf8+ Kb7 30. Qf3+ c6 31. Rxb1+ Qxb1+ 32. Qd1 Qxa2 33. Ne4 Qc4 34. Qd4 Qxd4 35. exd4 c5 36. d5 1-0

[Event "Abu Dhabi op 25th"]
[Site "Abu Dhabi"]
[Date "2018.08.12"]
[Round "6"]
[White "Polakhare, Aryan"]
[Black "Mohamed, Faisal"]
[Result "0-1"]
[WhiteElo "1957"]
[BlackElo "2134"]
[PlyCount "168"]
[EventDate "2018.08.07"]
[EventType "swiss"]
[EventRounds "9"]
[EventCountry "UAE"]
[SourceTitle "CBM 185 Extra"]
[Source "ChessBase"]
[SourceDate "2018.07.29"]
[SourceVersion "1"]
[SourceVersionDate "2018.07.29"]
[SourceQuality "1"]

1. e4 c5 2. Nf3 Nc6 3. Nc3 g6 4. h4 h5 5. d4 cxd4 6. Nxd4 Bg7 7. Be3 d6 8. Be2 Nf6 9. f3 a6 10. Qd2 d5 11. Nxc6 bxc6 12. e5 Ng8 13. f4 Nh6 14. 0-0-0 Bg4 15. Bd4 e6 16. Qe1 Bf8 17. Bxg4 Nxg4 18. Na4 Rb8 19. Qc3 Qc8 20. Nc5 Be7 21. a4 0-0 22. Qa5 Ra8 23. Rd3 Nh6 24. Bf2 Bd8 25. Qd2 Rb8 26. Rg1 Ng4 27. Rh1 Be7 28. Bd4 Nh6 29. Qa5 Rd8 30. b3 Nf5 31. Bf2 d4 32. b4 Rd5 33. c4 Rxc5 34. bxc5 Bxc5 35. Qd2 Bb4 36. Qc2 Bc3 37. Rxc3 dxc3 38. Qxc3 c5 39. Qc2 Qc6 40. Bg1 Rb4 41. Rh3 Qxa4 42. Qxa4 Rxa4 43. Kb2 Rxc4 44. g3 Ne7 45. Rh2 Nd5 46. Rd2 a5 47. Bf2 a4 48. Ka3 Nb6 49. Rd8+ Kg7 50. Rb8 Rc3+ 51. Kb2 Nd5 52. Ra8 Rb3+ 53. Kc2 Rf3 54. Be1 a3 55. Ra4 Nb4+ 56. Bxb4 cxb4 57. Rxb4 Rxg3 58. Ra4 Rg4 59. Kb3 Rxh4 60. Kxa3 Rh1 61. Kb2 h4 62. Re4 Rg1 63. f5 exf5 64. Rxh4 Re1 65. Kc2 Rxe5 66. Kd2 g5 67. Rh1 Kg6 68. Kd3 g4 69. Kd4 Re4+ 70. Kd3 Kg5 71. Rh8 Kf4 72. Rh7 g3 73. Rxf7 g2 74. Rg7 Kf3 75. Rg5 Rg4 76. Rxf5+ Kg3 77. Ke2 g1Q 78. Rf3+ Kh4 79. Rf8 Re4+ 80. Kd3 Qd4+ 81. Kc2 Qc5+ 82. Kd3 Re3+ 83. Kd2 Qc3+ 84. Kd1 Re1# 0-1

[Event "Abu Dhabi op 25th"]
[Site "Abu Dhabi"]
[Date "2018.08.11"]
[Round "5"]
[White "Mohamed, Faisal"]
[Black "Mansour, Sameer"]
[Result "0-1"]
[WhiteElo "2134"]
[BlackElo "2275"]
[PlyCount "58"]
[EventDate "2018.08.07"]
[EventType "swiss"]
[EventRounds "9"]
[EventCountry "UAE"]
[SourceTitle "CBM 185 Extra"]
[Source "ChessBase"]
[SourceDate "2018.07.29"]
[SourceVersion "1"]
[SourceVersionDate "2018.07.29"]
[SourceQuality "1"]

1. e4 g6 2. d4 Bg7 3. Nc3 d6 4. f4 Nc6 5. Bb5 a6 6. Bxc6+ bxc6 7. Nf3 Nf6 8. 0-0 0-0 9. Qe1 Nd7 10. Kh1 c5 11. dxc5 Nxc5 12. Be3 Bxc3 13. Qxc3 Nxe4 14. Qc6 Bf5 15. Rad1 Nf6 16. Qc3 Be4 17. Bd4 Bb7 18. f5 Nd5 19. Qd2 e5 20. fxe6 fxe6 21. Qh6 Qe7 22. Rfe1 Nf4 23. Nh4 e5 24. Be3 g5 25. Nf3 Nxg2 26. Kxg2 Rxf3 27. Kg1 Rf6 28. Qh5 Qd7 29. c4 Qc6 0-1

[Event "Abu Dhabi op 25th"]
[Site "Abu Dhabi"]
[Date "2018.08.09"]
[Round "3"]
[White "Mohamed, Faisal"]
[Black "Sahil, Tickoo"]
[Result "1-0"]
[WhiteElo "2134"]
[BlackElo "2192"]
[PlyCount "105"]
[EventDate "2018.08.07"]
[EventType "swiss"]
[EventRounds "9"]
[EventCountry "UAE"]
[SourceTitle "CBM 185 Extra"]
[Source "ChessBase"]
[SourceDate "2018.07.29"]
[SourceVersion "1"]
[SourceVersionDate "2018.07.29"]
[SourceQuality "1"]

1. e4 c5 2. Nc3 Nc6 3. g3 g6 4. Bg2 Bg7 5. d3 d6 6. f4 e6 7. Nf3 Nge7 8. 0-0 0-0 9. Be3 b6 10. d4 d5 11. exd5 Nf5 12. Bf2 Ncxd4 13. Ne5 exd5 14. Nxd5 Be6 15. Nc3 Rc8 16. Ne4 Ne7 17. c3 Ndc6 18. Nxc6 Rxc6 19. Qa4 Rc7 20. Rfd1 Qb8 21. Ng5 Bc8 22. Rd2 Bb7 23. Bxb7 Qxb7 24. Rad1 Qc6 25. Qc2 h6 26. Ne4 Nc8 27. c4 Re8 28. Nc3 Ne7 29. Nb5 Nf5 30. Nxc7 Qxc7 31. Qa4 Rf8 32. Rd7 Qc8 33. Rxa7 Qe6 34. Re1 Qf6 35. Ra8 Nd4 36. Rxf8+ Bxf8 37. Qd1 Ne6 38. Qe2 Bg7 39. Kg2 Qd8 40. a3 Kh7 41. b4 Qa8+ 42. Qf3 Qa4 43. f5 Ng5 44. Qd3 cxb4 45. axb4 Qxb4 46. h4 Bc3 47. fxg6+ fxg6 48. Qd7+ Bg7 49. hxg5 Qxc4 50. gxh6 Kxh6 51. Rh1+ Kg5 52. Be3+ Kf6 53. Rf1+ 1-0

[Event "Abu Dhabi op 25th"]
[Site "Abu Dhabi"]
[Date "2018.08.08"]
[Round "2"]
[White "Mohota, Nisha"]
[Black "Mohamed, Faisal"]
[Result "1-0"]
[WhiteElo "2268"]
[BlackElo "2134"]
[PlyCount "141"]
[EventDate "2018.08.07"]
[EventType "swiss"]
[EventRounds "9"]
[EventCountry "UAE"]
[SourceTitle "CBM 185 Extra"]
[Source "ChessBase"]
[SourceDate "2018.07.29"]
[SourceVersion "1"]
[SourceVersionDate "2018.07.29"]
[SourceQuality "1"]

1. d4 d5 2. c4 c6 3. Nf3 Nf6 4. e3 e6 5. b3 Bb4+ 6. Nbd2 Nbd7 7. Bd3 0-0 8. 0-0 Re8 9. Bb2 Qa5 10. a3 Bxd2 11. Qxd2 Qxd2 12. Nxd2 e5 13. cxd5 Nxd5 14. Nc4 exd4 15. Bxd4 N7f6 16. Nd6 Rd8 17. Nxc8 Raxc8 18. Bf5 Ra8 19. Rfd1 Ne7 20. Bc2 Ned5 21. e4 Nf4 22. Be5 Ne6 23. b4 Rxd1+ 24. Rxd1 Rd8 25. Rxd8+ Nxd8 26. Bd4 a6 27. h3 Ne6 28. Be3 g5 29. g3 g4 30. hxg4 Nxg4 31. Ba7 Ne5 32. f4 Nd4 33. Ba4 Ne2+ 34. Kf2 Nc3 35. Bb3 Nd7 36. e5 Kf8 37. Be3 Ke7 38. Kf3 b6 39. Bc1 c5 40. Bb2 Nb5 41. Ke4 Nc7 42. f5 b5 43. Bd1 cxb4 44. axb4 Nb6 45. Bd4 Nc4 46. Bc5+ Kd7 47. Bh5 Nd2+ 48. Kd3 Nc4 49. Kd4 Nd2 50. Bd6 Ne8 51. Bb8 Ng7 52. Bg4 Nc4 53. Ba7 h5 54. Bh3 Nd2 55. Kd5 Nc4 56. Bc5 Nd2 57. e6+ fxe6+ 58. fxe6+ Kd8 59. Kc6 Ne4 60. e7+ Ke8 61. Bd4 Kxe7 62. Bxg7 Nxg3 63. Kb6 Ne2 64. Kxa6 Nf4 65. Bf5 Kd6 66. Kxb5 h4 67. Bh6 Nd5 68. Bg7 Nf4 69. Kc4 h3 70. Bh6 Ke5 71. Bxf4+ 1-0